000 00433cam a22001217a 4500
008 180718b-- xxu||||| |||| 00| 0 eng d
082 _aL906x54114 G
245 _aAccounts at a glance, Mizoram
260 _aShillong
_bAccountant General (Accounts and Entitlements)
_c--
500 _aLibrary has 2003/04-2006/07
650 _aMizoram - Appropriations and expenditures
700 _aMizoram. Accountant General (Accounts and Entitlements)
999 _c481326
_d481326